00636cam a2200181 a 450000100100000000500170001000800410002704000250006808200180009310000410011124500220015226000430017430000350021765000310025265000350028395201210031899900150043900000376520200929150548.0730227s1936 nyub 000 1 eng  aDO-SdBNPbspacBNPHU a823.54bF263a1 aFaulkner, William,d1897-1962.9978110aAbsalom, Absalom! aNew York :bThe modern library,c1936. a384 p. :bfold. map. ;c21 cm. 4aNovela estadounidense9262 4aLiteratura estadounidense9263 001052708MOaGRbGRcCTd2009-07-13iLF1l0o823.54 F263ap3765-10r2020-06-25w2020-06-25y2ZPréstamo interno c3587d3587